| 000 | 00666nam a2200217 u 4500 | ||
|---|---|---|---|
| 005 | 20240601063735.0 | ||
| 008 | 091027s2007 r 000 0 eng d | ||
| 020 | _a9789870600978 | ||
| 035 | _aUPN01000173461 | ||
| 049 | _aCG | ||
| 050 | 4 |
_aLB1051 _bV3.7 |
|
| 100 | 1 |
_aValdez, Daniel _934403 |
|
| 245 | 1 | 0 |
_aNecesidades educativas especiales en trastornos del desarrollo / _cDaniel Valdez. |
| 260 |
_aBuenos Aires : _bAique, _c2007. |
||
| 300 |
_a206 p. : _bil. |
||
| 440 | 0 | _aPsicología cognitiva y educación | |
| 650 | 4 |
_aPsicopedagogía _95085 |
|
| 650 | 2 |
_aTrastornos del desarrollo _914425 |
|
| 650 | 2 |
_aPsicología cognoscitiva _96335 |
|
| 905 | _aLibro | ||
| 999 |
_c145565 _d145565 |
||